Sports Quiz

Random Sports Quiz

Shotokan Kata Quiz Stats

 Plays Quiz not verified by Sporcle

Support Sporcle.
Go Orange.
Score 0/21 Timer 08:00
0 Plays Today
% Correct
Heian Shodan
90.9%
Heian Nidan
90.9%
Heian Sandan
90.9%
Heian Godan
90.9%
Bassai
90.9%
Kanku
86.8%
Heian Yondan
85.1%
Tekki
82.6%
Jion
82.6%
Enpi
79.3%
Gojushiho
71.9%
% Correct
Jitte
69.4%
Unsu
61.2%
Jiin
57.9%
Hangetsu
56.2%
Gankaku
52.9%
Sochin
51.2%
Wankan
49.6%
Nijushiho
47.1%
Chinte
46.3%
Meikyo
41.3%

You're not logged in!

Compare scores with friends on all Sporcle quizzes.
OR
Log In

From the Vault

Movie Moms

by sproutcm

Happy Mother's Day.
Remove Ads.
Support Sporcle.
Get the best of Sporcle when you Go Orange. This ad-free experience offers more features, more stats, and more fun while also helping to support Sporcle. Thank you for becoming a member.

Show Comments

Extras

Created Sep 27, 2009ReportNominate

Top Quizzes Today


Score Distribution

Your Account Isn't Verified!

In order to create a playlist on Sporcle, you need to verify the email address you used during registration. Go to your Sporcle Settings to finish the process.

Report this User

Report this user for behavior that violates our Community Guidelines.

Details: